000 00568nam a2200217Ia 4500
003 OSt
005 20221007083141.0
006 a|||||r|||| 00| 0
007 ta
008 221006b |||||||| |||| 00| 0 eng d
024 _a38,551
037 _cDissertations
040 _aFLL
_cFLL
_beng
041 _2eng
_aeng
100 _aThakur P.R.
_9565799
245 0 _aThe imperfections in the law relating to motor accident compensation in India
260 _c1985
300 _ax,173p
_ccm.
942 _cDIS
_2CC
999 _c1168998
_d1168998